| 000 | 00610nam a2200205 a 4500 | ||
|---|---|---|---|
| 005 | 20240911064508.0 | ||
| 008 | 991125s1991 mx 000 0 spa u | ||
| 035 | _aUPN01000008086 | ||
| 049 | _aF | ||
| 050 | 4 |
_aH35 _bL3.3 |
|
| 100 | 1 | _aLagos, Ricardo | |
| 245 | 1 | 4 |
_aLas ciencias sociales en el proceso de democratización / _cRicardo Lagos, Nobert Lechner, Gert Rosenthal. |
| 260 |
_aMéxico : _b[s.n.], _c1991. |
||
| 300 | _a45 p. | ||
| 440 | 0 | _aCuadernos de difusión | |
| 650 | 4 |
_aCiencias sociales _99133 |
|
| 700 | 1 |
_aLechner, Nobert, _ecoaut. |
|
| 700 | 1 |
_aRosenthal, Gert, _ecoaut. |
|
| 905 | _aLibro | ||
| 999 |
_c8086 _d8086 |
||